Rumpelstiltskin / (Record no. 6509)

MARC details
000 -LEADER
fixed length control field 01219nam a22002777a 4500
001 - CONTROL NUMBER
control field 6509
003 - CONTROL NUMBER IDENTIFIER
control field FISKH
005 - DATE AND TIME OF LATEST TRANSACTION
control field 20250825132246.0
008 - FIXED-LENGTH DATA ELEMENTS--GENERAL INFORMATION
fixed length control field 250507b cb ||||| |||| 00| 0 eng d
020 ## - INTERNATIONAL STANDARD BOOK NUMBER
International Standard Book Number 9789814281270
040 ## - CATALOGING SOURCE
Original cataloging agency FISKH
Language of cataloging eng
Transcribing agency FISKH
Modifying agency FISKH
050 ## - LIBRARY OF CONGRESS CALL NUMBER
Classification number PZ7
082 ## - DEWEY DECIMAL CLASSIFICATION NUMBER
Classification number 398.20943
100 ## - MAIN ENTRY--PERSONAL NAME
Personal name Smith, Annett
245 ## - TITLE STATEMENT
Title Rumpelstiltskin /
Statement of responsibility, etc. Retold by Annett Smith ; Illustrated by Pat Reynolds
260 ## - PUBLICATION, DISTRIBUTION, ETC.
Place of publication, distribution, etc. Nelson Price :
Name of publisher, distributor, etc. Milburn,
Date of publication, distribution, etc. 1999.
300 ## - PHYSICAL DESCRIPTION
Extent 32 pages :
Other physical details color illustrations ;
Dimensions 21 cm
505 ## - FORMATTED CONTENTS NOTE
Formatted contents note N<br/>
520 ## - SUMMARY, ETC.
Summary, etc. In England, 'Rumpelstiltskin' was called 'Tom Tit Tot; in Scotland, 'Whuppity Scoorie;' in France 'Ficdini Ricdon;' and there are Scandanavian tellings also. 'Rumpelstiltskin' was collected by the Brothers Grimm in the early 1800s, but the story is much older. It preserves the ancient superstition that supernatural power can be broken if a secret name is known - in many primitive societies identity, name and power are intertwined. Set in Northern Europe, circa 1300.
521 8# - TARGET AUDIENCE NOTE
Target audience note 540<br/>
Source Lexile <br/>
521 8# - TARGET AUDIENCE NOTE
Target audience note N<br/>
Source Raz-Plus<br/>
650 ## - SUBJECT ADDED ENTRY--TOPICAL TERM
Topical term or geographic name entry element Fairy tales
Form subdivision Drama
700 ## - ADDED ENTRY--PERSONAL NAME
Personal name Reynolds, Pat
Relator term illustrator
942 ## - ADDED ENTRY ELEMENTS (KOHA)
Source of classification or shelving scheme Dewey Decimal Classification
Koha item type Books
Suppress in OPAC No
Holdings
Withdrawn status Lost status Source of classification or shelving scheme Damaged status Not for loan Collection Home library Current library Shelving location Date acquired Total Checkouts Full call number Barcode Date last seen Copy number Price effective from Koha item type Date last checked out
    Dewey Decimal Classification     Juvenile Fiction Footprints International School Library Network Toul Kork Campus Footprints International School Library Network Toul Kork Campus TK Primary Library Room(4th Floor), Bookcase 3&4, Shelves 17-32, Yellow Books 05/07/2025   SMI 398.20943 PZ7 FISTK00869 05/07/2025 1 05/07/2025 Books  
    Dewey Decimal Classification     Juvenile Fiction Footprints International School Library Network Toul Kork Campus Footprints International School Library Network Toul Kork Campus TK Primary Library Room(4th Floor), Bookcase 3&4, Shelves 17-32, Yellow Books 05/16/2025   SMI 398.20943 PZ7 FISTKG2B059 05/16/2025 2 05/16/2025 Books  
    Dewey Decimal Classification     Juvenile Fiction Footprints International School Library Network Toul Kork Campus Footprints International School Library Network Toul Kork Campus TK Primary Library Room(4th Floor), Bookcase 3&4, Shelves 17-32, Yellow Books 05/30/2025   SMI 398.20943 PZ7 FISBK05143 05/30/2025 3 05/30/2025 Books  
    Dewey Decimal Classification     Juvenile Fiction Footprints International School Library Network Toul Kork Campus Footprints International School Library Network Toul Kork Campus TK Primary Library Room(4th Floor), Bookcase 3&4, Shelves 17-32, Yellow Books 05/30/2025   SMI 398.20943 PZ7 FISTK04138 05/30/2025 4 05/30/2025 Books  
    Dewey Decimal Classification     Juvenile Fiction Footprints International School Library Network Toul Tom Poung Campus Footprints International School Library Network Toul Tom Poung Campus TTP Primary Yellow Bookshelves 06/23/2025   SMI 398.20943 PZ7 FIS04935 06/23/2025 5 06/23/2025 Books  
    Dewey Decimal Classification     Juvenile Fiction Footprints International School Library Network Toul Tom Poung Campus Footprints International School Library Network Toul Tom Poung Campus TTP Primary Yellow Bookshelves 06/23/2025   SMI 398.20943 PZ7 FIS02297 06/23/2025 6 06/23/2025 Books  
    Dewey Decimal Classification     Juvenile Fiction Footprints International School Library Network Toul Tom Poung Campus Footprints International School Library Network Toul Tom Poung Campus TTP Primary Yellow Bookshelves 06/23/2025 1 SMI 398.20943 PZ7 FISBK05109 09/30/2025 7 06/23/2025 Books 07/15/2025
    Dewey Decimal Classification     Juvenile Fiction Footprints International School Library Network Toul Tom Poung Campus Footprints International School Library Network Toul Tom Poung Campus TTP Primary Yellow Bookshelves 08/25/2025   SMI 398.20943 PZ7 FISTK00870 08/25/2025 8 08/25/2025 Books